00956njm a2200241Ia 450000100060000000300090000600500170001500800410003204000130007304000130008610000130009910000180011210000370013024500360016725000110020326000110021426000330022530000100025830000290026850000470029750503220034465000480066627566IT-RoPAU20220918181126.0131025s9999 xx 000 0 und d aIT-RoPAU cIT-RoPAU aAnonimo  eAutore musica gCodice autore musica SPICS: 2620 aMusica popolare del Dodecanneso a1a ed. aITALIA bALBATROSc1976 [1a Ed.:1976] aDISCO c42 minuti (Testo: pag.) aMusica popolare, Folk, etnica, strumentale aAntimahitikos Siganos - Apokriatiko Traghoudi Me To Lingeri - O Travihtos - Antimahitikos Kalamatianos - Kalanta Tou Aghiou Vasiliou - To Traghoudi Tou Kououma - Nisiriaki Sousta Me Gaida - Sousta - Amanes Ke Zimbekikos - Tou Ghamou? 'To Rinaki' - Pentozalis - Zervos Horos - Scopos Karpathou - Mirologhi - Pano Horos aETNICA [DISCHI]eCodice MATERIA SPICS: 9950